[Event "RUS-chT Blitz Men 2018"]
[Site "Sochi"]
[Date "2018.10.10"]
[Round "11"]
[White "Taysayev, Timur"]
[Black "Shkurkin, Andrey"]
[Result "1-0"]
[WhiteElo "2225"]
[BlackElo "2201"]
[Annotator "NA"]
[PlyCount "77"]
[EventDate "2018.10.10"]
[EventType "swiss"]
[EventCountry "RUS"]
[SourceTitle "playchess.com"]
[Source "ChessBase"]
[SourceQuality "1"]
[TimeControl "180+2"]

1. e4 {[%emt 0:00:00]} c5 {[%emt 0:00:00]} 2. Nf3 {[%emt 0:00:01]} g6 {[%emt 0:00:00]} 3. d4 {[%emt 0:00:01]} cxd4 {[%emt 0:00:01]} 4. Nxd4 {[%emt 0:00:01]} Bg7 {[%emt 0:00:01]} 5. c4 {[%emt 0:00:01]} Nc6 {[%emt 0:00:01]} 6. Be3 {[%emt 0:00:02]} Nf6 {[%emt 0:00:02]} 7. Nc3 {[%emt 0:00:03]} O-O {[%emt 0:00:03]} 8. Be2 {[%emt 0:00:01]} d6 {[%emt 0:00:01]} 9. O-O {[%emt 0:00:03]} Bd7 {[%emt 0:00:02]} 10. Qd2 {[%emt 0:00:04]} Nxd4 {[%emt 0:00:03]} 11. Bxd4 {[%emt 0:00:02]} Bc6 {[%emt 0:00:02]} 12. Bd3 {[%emt 0:00:03]} Nd7 {[%emt 0:00:20]} 13. Be3 {[%emt 0:00:29]} a5 {[%emt 0:00:03]} 14. b3 {[%emt 0:00:08]} Nc5 {[%emt 0:00:04]} 15. Bc2 {[%emt 0:00:02]} Qb6 {[%emt 0:00:06]} 16. Rfb1 {[%emt 0:00:26]} Qb4 {[%emt 0:00:53]} 17. Bd4 {[%emt 0:00:12]} Rfc8 {[%emt 0:00:35]} 18. a3 {[%emt 0:00:06]} Qb6 {[%emt 0:00:04]} 19. Nd5 {[%emt 0:00:17]} Bxd5 {[%emt 0:00:02]} 20. exd5 {[%emt 0:00:02]} Bxd4 {[%emt 0:00:04]} 21. Qxd4 {[%emt 0:00:01]} Nd7 {[%emt 0:00:09]} 22. Qe4 {[%emt 0:00:10]} Kf8 {[%emt 0:00:18]} 23. Re1 {[%emt 0:00:03]} Qd8 {[%emt 0:00:09]} 24. Re3 {[%emt 0:00:19]} Nf6 {[%emt 0:00:13]} 25. Qd4 {[%emt 0:00:09]} b5 {[%emt 0:00:06]} 26. Bd3 {[%emt 0:00:10]} bxc4 {[%emt 0:00:06]} 27. Bxc4 {[%emt 0:00:01]} Rc5 {[%emt 0:00:11]} 28. Rae1 {[%emt 0:00:07]} Ra7 {[%emt 0:00:02]} 29. g4 {[%emt 0:00:08]} Rac7 {[%emt 0:00:12]} 30. g5 {[%emt 0:00:03]} Ng8 {[%emt 0:00:01]} 31. a4 {[%emt 0:00:05]} Qd7 {[%emt 0:00:02]} 32. Qh4 {[%emt 0:00:06]} Qf5 {[%emt 0:00:02]} 33. Kg2 {[%emt 0:00:03]} Rxd5 {[%emt 0:00:04]} 34. Bxd5 {[%emt 0:00:05]} Qxd5+ {[%emt 0:00:01]} 35. Kg3 {[%emt 0:00:07]} Rc5 {[%emt 0:00:02]} 36. f4 {[%emt 0:00:09]} Rc2 {[%emt 0:00:01]} 37. Qh3 {[%emt 0:00:15]} Rb2 {[%emt 0:00:03]} 38. Qc8+ {[%emt 0:00:04]} Kg7 {[%emt 0:00:02]} 39. Qc3+ {[%emt 0:00:01]} 1-0

[Event "RUS-chT Blitz Men 2018"]
[Site "Sochi"]
[Date "2018.10.10"]
[Round "11"]
[White "Klimentov, Evgeny"]
[Black "Garifullina, Leya"]
[Result "1/2-1/2"]
[WhiteElo "2135"]
[BlackElo "1962"]
[Annotator "NA"]
[PlyCount "86"]
[EventDate "2018.10.10"]
[EventType "swiss"]
[EventCountry "RUS"]
[SourceTitle "playchess.com"]
[Source "ChessBase"]
[SourceQuality "1"]
[TimeControl "180+2"]

1. e4 {[%emt 0:00:02]} e6 {[%emt 0:00:02]} 2. d4 {[%emt 0:00:02]} d5 {[%emt 0:00:01]} 3. Nd2 {[%emt 0:00:02]} c5 {[%emt 0:00:05]} 4. Ngf3 {[%emt 0:00:02]} cxd4 {[%emt 0:00:01]} 5. Nxd4 {[%emt 0:00:02]} Nf6 {[%emt 0:00:19]} 6. Bd3 {[%emt 0:00:13]} Nc6 {[%emt 0:00:09]} 7. Nxc6 {[%emt 0:00:09]} bxc6 {[%emt 0:00:02]} 8. O-O {[%emt 0:00:02]} Be7 {[%emt 0:00:08]} 9. c4 {[%emt 0:00:06]} O-O {[%emt 0:00:34]} 10. b3 {[%emt 0:00:06]} d4 {[%emt 0:00:52]} 11. e5 {[%emt 0:00:07]} Nd7 {[%emt 0:00:02]} 12. Qh5 {[%emt 0:00:15]} g6 {[%emt 0:00:00]} 13. Qe2 {[%emt 0:00:02]} Nc5 {[%emt 0:00:13]} 14. Ne4 {[%emt 0:00:05]} Nxd3 {[%emt 0:00:07]} 15. Qxd3 {[%emt 0:00:02]} c5 {[%emt 0:00:01]} 16. g3 {[%emt 0:00:29]} Bb7 {[%emt 0:00:01]} 17. h4 {[%emt 0:00:02]} Bxe4 {[%emt 0:00:12]} 18. Qxe4 {[%emt 0:00:02]} h5 {[%emt 0:00:06]} 19. Rd1 {[%emt 0:00:09]} Rb8 {[%emt 0:00:10]} 20. Rd3 {[%emt 0:00:02]} Qc7 {[%emt 0:00:05]} 21. Bd2 {[%emt 0:00:05]} Rfc8 {[%emt 0:00:12]} 22. Re1 {[%emt 0:00:04]} a5 {[%emt 0:00:11]} 23. a4 {[%emt 0:00:02]} Rb7 {[%emt 0:00:02]} 24. Kh2 {[%emt 0:00:09]} Rcb8 {[%emt 0:00:01]} 25. Qf3 {[%emt 0:00:01]} Bd8 {[%emt 0:00:03]} 26. Re4 {[%emt 0:00:03]} Qc6 {[%emt 0:00:02]} 27. Kg1 {[%emt 0:00:53]} Kg7 {[%emt 0:00:04]} 28. Rf4 {[%emt 0:00:10]} Qxf3 {[%emt 0:00:01]} 29. Rfxf3 {[%emt 0:00:01]} Rc8 {[%emt 0:00:04]} 30. Kg2 {[%emt 0:00:03]} Rcb8 {[%emt 0:00:01]} 31. Kf1 {[%emt 0:00:04]} Rc8 {[%emt 0:00:01]} 32. Ke2 {[%emt 0:00:01]} Rcb8 {[%emt 0:00:00]} 33. Kd1 {[%emt 0:00:02]} Ra8 {[%emt 0:00:02]} 34. Kc2 {[%emt 0:00:02]} Bc7 {[%emt 0:00:02]} 35. Bf4 {[%emt 0:00:02]} Rab8 {[%emt 0:00:01]} 36. Rd1 {[%emt 0:00:03]} Kf8 {[%emt 0:00:02]} 37. Re1 {[%emt 0:00:03]} Ke8 {[%emt 0:00:01]} 38. Bd2 {[%emt 0:00:07]} Bd8 {[%emt 0:00:01]} 39. Rd3 {[%emt 0:00:03]} Bc7 {[%emt 0:00:01]} 40. Bg5 {[%emt 0:00:04]} Bd8 {[%emt 0:00:01]} 41. Bd2 {[%emt 0:00:05]} Bc7 {[%emt 0:00:01]} 42. Rf3 {[%emt 0:00:04]} Bd8 {[%emt 0:00:01]} 43. Rd3 {[%emt 0:00:05]} Bc7 {[%emt 0:00:01]} 1/2-1/2

[Event "RUS-chT Blitz Men 2018"]
[Site "Sochi"]
[Date "2018.10.10"]
[Round "11"]
[White "Kuzmin, Roman"]
[Black "Tatarintsev, Egor"]
[Result "0-1"]
[WhiteElo "1855"]
[BlackElo "2086"]
[Annotator "NA"]
[PlyCount "52"]
[EventDate "2018.10.10"]
[EventType "swiss"]
[EventCountry "RUS"]
[SourceTitle "playchess.com"]
[Source "ChessBase"]
[SourceQuality "1"]
[TimeControl "180+2"]

1. e4 {[%emt 0:00:00]} e6 {[%emt 0:00:00]} 2. d4 {[%emt 0:00:00]} d5 {[%emt 0:00:00]} 3. Nd2 {[%emt 0:00:01]} Nc6 {[%emt 0:00:01]} 4. Ngf3 {[%emt 0:00:22]} Nf6 $14 {[%emt 0:00:01]} 5. e5 {[%emt 0:00:04]} Nd7 {[%emt 0:00:01]} 6. c3 {[%emt 0:00:26]} f6 {[%emt 0:00:00]} 7. exf6 Qxf6 {[%emt 0:00:02]} 8. Bd3 {[%emt 0:01:00]} Bd6 {[%emt 0:00:05]} 9. Qc2 {[%emt 0:00:08]} e5 {[%emt 0:00:14]} 10. dxe5 {[%emt 0:00:09]} Ndxe5 {[%emt 0:00:03]} 11. O-O {[%emt 0:00:16]} Bg4 {[%emt 0:00:43]} 12. Nxe5 {[%emt 0:00:33]} Nxe5 {[%emt 0:00:25]} 13. Re1 {[%emt 0:00:17]} O-O-O {[%emt 0:00:07]} 14. Nf1 {[%emt 0:00:03]} Rdf8 {[%emt 0:00:32]} 15. Be3 {[%emt 0:00:05]} Bd7 {[%emt 0:00:35]} 16. Bd4 {[%emt 0:00:05]} Qg5 {[%emt 0:00:08]} 17. Bxe5 {[%emt 0:00:02]} Bxe5 {[%emt 0:00:01]} 18. Ng3 {[%emt 0:00:02]} h5 {[%emt 0:00:05]} 19. h4 {[%emt 0:00:01]} Qf6 {[%emt 0:00:07]} 20. Re3 {[%emt 0:00:03]} Bf4 {[%emt 0:00:04]} 21. Re2 {[%emt 0:00:02]} Qxh4 {[%emt 0:00:04]} 22. Bf5 {[%emt 0:00:02]} Bxf5 {[%emt 0:00:07]} 23. Qa4 {[%emt 0:00:02]} Bxg3 {[%emt 0:00:04]} 24. Re4 {[%emt 0:00:02]} Bxe4 {[%emt 0:00:07]} 25. Qxa7 {[%emt 0:00:02]} Bxf2+ {[%emt 0:00:01]} 26. Kf1 {[%emt 0:00:01]} Bxa7+ {[%emt 0:00:02] Ke1} 0-1

[Event "RUS-chT Blitz Men 2018"]
[Site "Sochi"]
[Date "2018.10.10"]
[Round "11"]
[White "Pingin, Artem"]
[Black "Rudakov, Sergey S."]
[Result "1-0"]
[WhiteElo "1761"]
[BlackElo "1733"]
[Annotator "NA"]
[PlyCount "69"]
[EventDate "2018.10.10"]
[EventType "swiss"]
[EventCountry "RUS"]
[SourceTitle "playchess.com"]
[Source "ChessBase"]
[SourceQuality "1"]
[TimeControl "180+2"]

1. e4 {[%emt 0:00:00]} e5 {[%emt 0:00:00]} 2. Nf3 {[%emt 0:00:00]} d6 {[%emt 0:00:00]} 3. d4 {[%emt 0:00:01]} exd4 {[%emt 0:00:01]} 4. Nxd4 {[%emt 0:00:01]} Nf6 {[%emt 0:00:01]} 5. Nc3 {[%emt 0:00:01]} Be7 {[%emt 0:00:02]} 6. Be3 {[%emt 0:00:06]} O-O {[%emt 0:00:02]} 7. f3 {[%emt 0:00:07]} a6 {[%emt 0:00:01]} 8. Qd2 {[%emt 0:00:01]} b5 {[%emt 0:00:02]} 9. a3 {[%emt 0:00:04]} Bb7 {[%emt 0:00:02]} 10. Be2 {[%emt 0:00:01]} Nbd7 {[%emt 0:00:04]} 11. O-O {[%emt 0:00:15]} Nb6 {[%emt 0:00:02]} 12. Nf5 {[%emt 0:00:02]} Nfd7 {[%emt 0:00:08]} 13. Nxe7+ {[%emt 0:00:39]} Qxe7 {[%emt 0:00:02]} 14. Bf2 {[%emt 0:00:06]} Rfe8 {[%emt 0:00:09]} 15. Rad1 {[%emt 0:00:06]} Rad8 {[%emt 0:00:10]} 16. Rfe1 {[%emt 0:00:10]} h6 {[%emt 0:00:09]} 17. Bf1 {[%emt 0:00:05]} Nc8 {[%emt 0:00:11]} 18. a4 {[%emt 0:00:09]} b4 {[%emt 0:00:01]} 19. Nd5 {[%emt 0:00:01]} Bxd5 {[%emt 0:00:04]} 20. exd5 {[%emt 0:00:02]} Qf6 {[%emt 0:00:03]} 21. Qxb4 {[%emt 0:00:04]} Ncb6 {[%emt 0:00:12]} 22. a5 {[%emt 0:00:07]} Na8 {[%emt 0:00:14]} 23. b3 {[%emt 0:00:08]} Nc5 {[%emt 0:00:03]} 24. Bxc5 {[%emt 0:00:10]} dxc5 {[%emt 0:00:00]} 25. Qxc5 {[%emt 0:00:01]} Re5 {[%emt 0:00:20]} 26. Qc6 {[%emt 0:00:19]} Qe7 {[%emt 0:00:04]} 27. Rxe5 {[%emt 0:00:06]} Qxe5 {[%emt 0:00:02]} 28. Bxa6 {[%emt 0:00:11]} Qe3+ {[%emt 0:00:09]} 29. Kh1 {[%emt 0:00:01]} Re8 {[%emt 0:00:04]} 30. Bf1 {[%emt 0:00:08]} Qa7 {[%emt 0:00:12]} 31. b4 {[%emt 0:00:04]} Rd8 {[%emt 0:00:02]} 32. c4 {[%emt 0:00:13]} Rd6 {[%emt 0:00:15]} 33. Qe8+ {[%emt 0:00:01]} Kh7 {[%emt 0:00:01]} 34. Bd3+ {[%emt 0:00:01]} g6 {[%emt 0:00:05]} 35. Qxf7+ {[%emt 0:00:01]} 1-0

[Event "RUS-chT Blitz Men 2018"]
[Site "Sochi"]
[Date "2018.10.10"]
[Round "11"]
[White "Popov, Maksim"]
[Black "Kharitonov, Egor"]
[Result "1-0"]
[WhiteElo "1570"]
[BlackElo "1686"]
[Annotator "NA RC"]
[PlyCount "96"]
[EventDate "2018.10.10"]
[EventType "swiss"]
[EventCountry "RUS"]
[SourceTitle "playchess.com"]
[Source "ChessBase"]
[SourceQuality "1"]
[TimeControl "180+2"]

1. e4 {[%emt 0:00:00]} c5 {[%emt 0:00:00]} 2. c3 {[%emt 0:00:01]} Nf6 {[%emt 0:00:00]} 3. e5 {[%emt 0:00:00]} Nd5 {[%emt 0:00:01]} 4. d4 {[%emt 0:00:01]} cxd4 {[%emt 0:00:01]} 5. cxd4 {[%emt 0:00:00]} d6 {[%emt 0:00:01]} 6. Nf3 {[%emt 0:00:06]} e6 {[%emt 0:00:01]} 7. Bc4 {[%emt 0:00:11]} Nb6 {[%emt 0:00:01]} 8. Bb3 {[%emt 0:00:01]} dxe5 {[%emt 0:00:07]} 9. Nxe5 {[%emt 0:00:07]} Nc6 {[%emt 0:00:01]} 10. Nf3 {[%emt 0:00:14]} Be7 {[%emt 0:00:03]} 11. O-O {[%emt 0:00:02]} O-O {[%emt 0:00:02]} 12. Nc3 {[%emt 0:00:05]} Bf6 {[%emt 0:00:20]} 13. Be3 {[%emt 0:00:01]} Nb4 {[%emt 0:00:10]} 14. a3 {[%emt 0:00:06]} N4d5 {[%emt 0:00:01]} 15. Qd3 {[%emt 0:00:07]} Bd7 {[%emt 0:00:28]} 16. Bc2 {[%emt 0:00:02]} g6 {[%emt 0:00:01]} 17. Rfd1 {[%emt 0:00:26]} Bc6 {[%emt 0:00:03]} 18. Rac1 {[%emt 0:00:11]} Bg7 {[%emt 0:00:02]} 19. Bb1 {[%emt 0:00:12]} Rc8 {[%emt 0:00:02]} 20. b4 {[%emt 0:00:08]} Nxc3 {[%emt 0:00:05]} 21. Rxc3 {[%emt 0:00:02]} Nd5 {[%emt 0:00:08]} 22. Rcc1 {[%emt 0:00:04]} Ba4 {[%emt 0:00:13]} 23. Rxc8 {[%emt 0:00:02]} Qxc8 {[%emt 0:00:01]} 24. Rc1 {[%emt 0:00:01]} Qd7 {[%emt 0:00:05]} 25. Qc4 {[%emt 0:00:07]} Bb5 {[%emt 0:00:09]} 26. Qc2 {[%emt 0:00:05]} Bc6 {[%emt 0:00:27]} 27. Ba2 {[%emt 0:00:07]} Rd8 {[%emt 0:00:07]} 28. Bxd5 {[%emt 0:00:09]} Qxd5 {[%emt 0:00:04]} 29. Qc5 {[%emt 0:00:23]} Qb3 {[%emt 0:00:03]} 30. Qxa7 {[%emt 0:00:08]} Qb2 {[%emt 0:00:21]} 31. Qb6 {[%emt 0:00:19]} Rd7 {[%emt 0:00:11]} 32. h3 {[%emt 0:00:08]} h6 {[%emt 0:00:13]} 33. Qc5 {[%emt 0:00:14]} Qxa3 {[%emt 0:00:19]} 34. Ne5 {[%emt 0:00:04]} Rd5 {[%emt 0:00:05]} 35. Qe7 {[%emt 0:00:03]} Bxe5 {[%emt 0:00:04]} 36. dxe5 {[%emt 0:00:02]} g5 {[%emt 0:00:07]} 37. Qf6 {[%emt 0:00:03]} Qd3 {[%emt 0:00:04]} 38. Qxh6 {[%emt 0:00:02]} Qg6 {[%emt 0:00:01]} 39. Qxg6+ {[%emt 0:00:04]} fxg6 {[%emt 0:00:01]} 40. Bxg5 {[%emt 0:00:04]} Rxe5 {[%emt 0:00:01]} 41. Be3 {[%emt 0:00:01]} Re4 {[%emt 0:00:01]} 42. Bc5 {[%emt 0:00:02]} Kf7 {[%emt 0:00:02]} 43. Ra1 {[%emt 0:00:01]} Kf6 {[%emt 0:00:02]} 44. Ra8 {[%emt 0:00:02]} Kf5 {[%emt 0:00:06]} 45. Rf8+ {[%emt 0:00:02]} Kg5 {[%emt 0:00:01]} 46. Kh2 {[%emt 0:00:04]} Rc4 {[%emt 0:00:06]} 47. Be7+ {[%emt 0:00:02]} Kh6 {[%emt 0:00:02]} 48. Bf6 {[%emt 0:00:02]} g5 {[%emt 0:00:02]} 1-0

[Event "RUS-chT Blitz Men 2018"]
[Site "Sochi"]
[Date "2018.10.10"]
[Round "12"]
[White "Dubov, Daniil"]
[Black "Ozgibcev, Anatoly"]
[Result "1-0"]
[WhiteElo "2703"]
[BlackElo "2368"]
[Annotator "TA"]
[PlyCount "75"]
[EventDate "2018.10.10"]
[EventType "swiss"]
[EventCountry "RUS"]
[SourceTitle "playchess.com"]
[Source "ChessBase"]
[SourceQuality "1"]

{[%evp 17,75,32,38,10,25,13,112,96,110,102,116,103,109,120,101,74,116,81,127,110,145,162,395,371,383,383,443,368,417,418,434,429,510,522,528,529,528,516,526,514,581,559,658,676,572,609,670,640,794,793,784,769,770,767,1367,1343,2297,2286,1930,1890]} 1. Nf3 d5 2. e3 c5 3. c4 e6 4. b3 Nc6 5. cxd5 exd5 6. Bb2 Nf6 7. Be2 Be7 8. O-O O-O 9. d4 Ne4 {LiveBook: 12 Games. A13: English Opening: 1...e6} (9... Re8 10. dxc5 Bxc5 11. Nc3 a6 12. Na4 Ba7 13. Rc1 Ne4 14. Nd4 Qd6 15. Bg4 Qg6 16. Bxc8 Raxc8 17. Nxc6 bxc6 18. Qd3 Bb8 19. f3 Qh6 20. fxe4 Qxh2+ 21. Kf2 dxe4 22. Qc4 {0-1 (38) Hungaski,R (2504)-Sosa,T (2465) Buenos Aires 2017}) 10. Nbd2 Bf6 $146 ({Predecessor:} 10... Bf5 11. dxc5 Nxc5 12. Nd4 Nxd4 13. Bxd4 Ne6 14. Bb2 Rc8 15. Nf3 Be4 16. Nd4 Nxd4 17. Bxd4 {½-½ (56) Saul,A-Schiller,E (2199) Dos Hermanas 2003}) 11. Ne5 Qa5 (11... cxd4 $11 12. Nxc6 (12. exd4 Bf5 $11) 12... bxc6 13. Nxe4 dxe4) 12. Nxe4 $16 dxe4 13. Nc4 Qc7 14. dxc5 {Hoping for Bxf6.} Bxb2 15. Nxb2 Rd8 16. Qc1 Be6 17. Qc3 a5 18. Nc4 Nb4 19. Nb6 Nd5 $2 {[#]} (19... Rab8 {is a better defense.} 20. Rfd1 Qe7) 20. Nxa8 $18 Rxa8 21. Qd4 Nb4 {Black hopes to continue with ...Nc2.} 22. Qd6 Qc8 23. Rfd1 h6 24. Qe5 {White is clearly winning.} Bg4 25. Bxg4 Qxg4 26. h3 Qh4 27. g3 Qxh3 28. Qxe4 Qc8 29. a3 Nc6 30. b4 {[%cal Bb3b4,Bb4b5,Bb5c6,Bc6c7][%mdl 32]} Qf8 31. b5 Re8 32. Qg2 Ne5 33. c6 bxc6 34. bxc6 Qe7 35. Rac1 Qf6 36. c7 Nf3+ {[#]} 37. Qxf3 $1 {[%mdl 512]} Qxf3 38. Rd8 {Precision: White = 79%, Black = 13%.} 1-0

[Event "RUS-chT Blitz Men 2018"]
[Site "Sochi"]
[Date "2018.10.10"]
[Round "12"]
[White "Kamsky, Gata"]
[Black "Tatarintsev, Egor"]
[Result "1-0"]
[WhiteElo "2666"]
[BlackElo "2086"]
[Annotator "TA"]
[PlyCount "51"]
[EventDate "2018.10.10"]
[EventType "swiss"]
[EventCountry "RUS"]
[SourceTitle "playchess.com"]
[Source "ChessBase"]
[SourceQuality "1"]

{[%evp 10,51,46,42,53,39,85,75,115,109,115,118,118,105,109,110,102,100,93,100,110,92,127,122,129,127,145,135,145,144,151,143,188,184,330,206,245,235,407,405,418,418,1610,1571]} 1. e4 e6 2. d4 d5 3. exd5 exd5 4. Nf3 Bd6 5. c4 dxc4 6. Bxc4 {LiveBook: 421 Partien} Qe7+ {D20: Angenommenes Damengambit} (6... Nf6 7. Qe2+ Qe7 8. Qxe7+ Kxe7 9. Nc3 Be6 10. Bxe6 fxe6 11. Bg5 {½-½ (11) Sedlak,N (2600)-Indjic,A (2623) Novi Sad 2018}) 7. Be3 Bg4 8. O-O Nd7 {Weiß steht besser.} 9. h3 Bxf3 $146 ({Vorgänger:} 9... Be6 10. Bg5 Qf8 11. d5 Bf5 12. Re1+ Ne7 13. Nd4 Bxb1 14. Rxb1 {1-0 (29) Andrijevic,M (2273)-Pavlasevic,D (1829) Belgrade 2016}) 10. Qxf3 O-O-O 11. Qxf7 (11. Nc3 {is more complex.} Kb8 12. Rfe1 Qf6 13. Qxf6 Ngxf6 14. Bxf7 Nb6 15. Rad1) 11... Ngf6 12. Qxe7 Bxe7 13. Nc3 Nb6 14. Be6+ Kb8 15. Rfe1 c6 16. Bf4+ Bd6 17. Be5 $36 {[%mdl 2048] Weiss ist am Drücker.} Rhe8 18. Bf7 Rf8 19. Bb3 Kc7 20. Rac1 {[#] Droht Sb5+ und aus.} Kd7 21. g3 Nfd5 (21... Rfe8 {kämpft weiter.} 22. Kg2 a6) 22. Ne4 Bxe5 23. Nc5+ Ke7 $2 {[#]} (23... Kc8 {ist wohl besser.}) 24. Rxe5+ $18 Kf7 25. Nxb7 Rde8 (25... Rd7 $142 26. Na5 Rc8 27. Rxc6 Rxc6) 26. Nd6+ {Precision: Weiß = 67%, Schwarz = 33%.} 1-0

[Event "RUS-chT Blitz Men 2018"]
[Site "Sochi"]
[Date "2018.10.10"]
[Round "12"]
[White "Malakhov, Vladimir"]
[Black "Afanasiev, Nikita"]
[Result "1/2-1/2"]
[WhiteElo "2661"]
[BlackElo "2487"]
[Annotator "TA"]
[PlyCount "121"]
[EventDate "2018.10.10"]
[EventType "swiss"]
[EventCountry "RUS"]
[SourceTitle "playchess.com"]
[Source "ChessBase"]
[SourceQuality "1"]

{[%evp 16,121,52,44,72,65,58,56,48,45,33,49,42,33,58,51,60,66,50,37,42,27,29,10,24,29,30,28,21,0,1,0,19,0,114,70,75,85,86,14,48,45,45,45,45,43,77,82,75,75,75,75,75,72,81,81,89,89,88,85,134,134,134,134,141,109,145,134,134,134,134,134,134,134,134,134,134,134,134,134,134,134,134,134,134,134,134,134,134,133,139,0,34,34,34,34,34,34,34,34,34,21,21,21,21,21,21,0]} 1. Nf3 g6 2. e4 Bg7 3. d4 d6 4. c3 Nf6 5. Bd3 O-O 6. O-O Nc6 7. Re1 e5 8. h3 h6 9. Na3 {LiveBook: 81 Games} exd4 {B07: Pirc Defence: Miscellaneous Systems} (9... Nd7 10. Bb5 Kh7 11. Nc4 exd4 12. cxd4 Ne7 13. Ne3 a6 14. Bd3 c5 15. d5 b5 16. a4 c4 17. Bc2 {0-1 (36) Horvath,J (2533)-Kuzubov,Y (2690) Hungary 2018}) 10. cxd4 d5 $146 ({Predecessor:} 10... Nb4 11. Bb1 Re8 12. Nb5 Bd7 13. Nc3 a5 14. Bf4 Nh7 15. Qd2 h5 16. a3 Nc6 17. Ba2 {½-½ (82) Kovacevic,B (2483)-Jovanovic,Z (2533) Valpovo 2017}) 11. e5 Ne4 {White is slightly better.} 12. Bxe4 dxe4 13. Rxe4 Be6 14. Nc2 f6 15. exf6 Qxf6 16. Rf4 Qe7 17. Rxf8+ Rxf8 18. Be3 Bd5 19. Nfe1 Kh7 20. Qd2 Be4 21. a3 Rd8 22. Rd1 Qf7 23. Qc3 Rd7 24. Nb4 Ne5 (24... Ne7 $11) 25. Rc1 Nc6 26. Nxc6 Bxc6 27. Qc4 ({Better is} 27. Nd3 $16) 27... Bd5 28. Qa4 a6 29. Nd3 Bc6 30. Qa5 Rd5 31. Qc3 a5 32. Ne5 Bxe5 33. dxe5 Qf5 34. Re1 Rxe5 35. f3 Qe6 36. Bf2 Rxe1+ 37. Bxe1 Qd5 38. Bg3 a4 39. Bxc7 Qe6 40. Bg3 h5 41. h4 Kg8 42. Kh2 Kf7 43. Qd4 Qd5 44. Qf4+ Qf5 45. Qd6 Qd7 46. Qb4 Qd5 47. Bf4 Qf5 48. Qd4 Qd5 49. Qh8 Qf5 50. Bg5 Ke6 51. Qg8+ Kd6 52. Bd2 Qe5+ 53. f4 (53. Kh1 $16 Qxb2 54. Qxg6+ Kc7 55. Bf4+ Kb6 56. Qd3 (56. Qxh5 Qxa3 57. Qg5 Qb3 $16)) 53... Qf5 54. Bb4+ Kc7 {[#] White must now prevent ...Qe4.} 55. Qg7+ Kb6 {( -> ...Qe4)} 56. Qd4+ Ka6 57. Qc4+ Kb6 58. Bc3 Qe4 {[%csl Gc6][%cal Re4g2] [#] The position is equal.} 59. Bd4+ Kc7 {[%csl Gc6][%cal Re4g2]} 60. Be5+ Kb6 {[%csl Gc6][%cal Re4g2]} 61. Qxe4 {Precision: White = 63%, Black = 61%.} 1/2-1/2

[Event "RUS-chT Blitz Men 2018"]
[Site "Sochi"]
[Date "2018.10.10"]
[Round "12"]
[White "Zvjaginsev, Vadim"]
[Black "Sychev, Klementy"]
[Result "1-0"]
[WhiteElo "2644"]
[BlackElo "2534"]
[Annotator "TA"]
[PlyCount "85"]
[EventDate "2018.10.10"]
[EventType "swiss"]
[EventCountry "RUS"]
[SourceTitle "playchess.com"]
[Source "ChessBase"]
[SourceQuality "1"]

{[%evp 16,85,1,0,9,15,14,0,12,-52,17,14,22,14,31,19,36,23,25,31,68,95,89,85,73,63,100,88,332,340,356,370,483,485,481,481,481,481,512,510,642,645,617,606,613,607,737,684,816,706,715,712,671,523,760,748,748,568,740,631,946,676,672,654,1440,1193,5621,5122,29989,29990,29990,29991]} 1. e4 c5 2. Nf3 d6 3. Bd3 Nf6 4. O-O g6 5. Re1 Bg7 6. Bb5+ Bd7 7. Bxd7+ Nbxd7 8. c3 O-O 9. d4 {LiveBook: 58 Games} Qc7 {B50: Sicilian: 2...d6, Miscellaneous} (9... Rc8 10. e5 dxe5 11. dxe5 Ng4 12. e6 Nde5 13. Nxe5 Nxe5 14. Qb3 Qc7 15. Nd2 c4 16. Qc2 f5 17. b3 cxb3 18. Qxb3 {0-1 (34) Akopian,V (2675)-Bok,B (2598) Doha 2016}) 10. h3 Rfd8 11. d5 $146 ({Predecessor:} 11. Bg5 Rac8 12. d5 b5 13. Nbd2 Rb8 14. Rc1 a5 15. a4 b4 16. cxb4 Rxb4 17. Nc4 {0-1 (40) Makropoulou,M (2282)-Stefanidi,M (2055) Eretria 2011}) 11... b5 {The position is equal.} 12. Bf4 (12. a4 $11) 12... Qb7 ({Black should play} 12... c4 $15) 13. Qc2 c4 14. Be3 Re8 15. Nbd2 e6 16. dxe6 Rxe6 {[%cal Rf6e4]} 17. a4 a6 {[%cal Rf6e4]} 18. axb5 axb5 {[%cal Rf6e4] [#]} 19. Rxa8+ $1 Qxa8 20. Nd4 {[%cal Bf3d4,Bd4b5,Bb5d6][%mdl 32]} Re5 21. Bf4 Re8 $2 (21... Rh5 $16) 22. Nxb5 $18 (22. Bxd6 Qa6 $14) 22... Nd5 23. Bg3 ({Weaker is} 23. Nxd6 Nxf4 24. Nxe8 Qxe8 $14) ({Not} 23. Bxd6 Qa6 $16) 23... Nc5 24. Nxc4 Qc6 25. Nbxd6 Re6 26. Ra1 Nc7 27. e5 h5 28. b4 Nb7 29. Qe4 Qxe4 30. Nxe4 Nd5 31. Ra7 Rc6 32. Rxb7 Rxc4 33. Rb8+ Kh7 34. Ng5+ Kh6 35. Nxf7+ Kh7 36. b5 {[%cal Bb4b5,Bb5b6,Bb6b7][%mdl 32]} Rxc3 37. Rd8 h4 38. Rxd5 hxg3 39. fxg3 Rxg3 40. e6 {[%cal Be5e6,Be6e7][%mdl 32]} Re3 41. b6 Rb3 42. e7 Re3 43. b7 {Precision: White = 63%, Black = 22%.} 1-0